000 00812nam a2200229 a 4500
001 000015897
005 20200929164208.0
008 100222s1985 dr a 001 0 spa d
040 _aDO-SdBNP
_bspa
_cBNPHU
082 _a303.34
_bG124L, 1985.
100 1 _aGadea, Jorge A.
_921355
245 1 4 _aLos líderes se hacen no nacen :
_bmanual práctico de entrenamiento de líderes /
_cJorge A. Gardea.
250 _a3a. ed.
260 _aSanto Domingo :
_bInstituto de entrenamiento de Líderes,
_c1985.
300 _a87 p. :
_bil. ;
_c21 cm.
500 _aIncluye datos biográficos del autor en la contracubierta
500 _aLa biblioteca posee el v. 1
505 0 _av.1 Liderismo en acción --
590 _aInventariado, 2018/BT
650 4 _aLiderazgo
_9115
910 _aValidado. Control de calidad. MFF
999 _c15439
_d15439